<?xml version="1.0" encoding="UTF-8"?>
<record
    xmlns:xsi="http://www.w3.org/2001/XMLSchema-instance"
    xsi:schemaLocation="http://www.loc.gov/MARC21/slim http://www.loc.gov/standards/marcxml/schema/MARC21slim.xsd"
    xmlns="http://www.loc.gov/MARC21/slim">

  <leader>02062nam a2200385Ic 4500</leader>
  <controlfield tag="001">60244</controlfield>
  <controlfield tag="003">CO-BoRNBP</controlfield>
  <controlfield tag="005">20251217152440.0</controlfield>
  <controlfield tag="007">ta</controlfield>
  <controlfield tag="008">240923s9999    xx            000 0 und d</controlfield>
  <datafield tag="020" ind1=" " ind2=" ">
    <subfield code="a">9786287666245</subfield>
  </datafield>
  <datafield tag="040" ind1=" " ind2=" ">
    <subfield code="a">CO-BoRNBP</subfield>
    <subfield code="b">spa</subfield>
    <subfield code="e">rda</subfield>
    <subfield code="c">CO-BoRNBP</subfield>
  </datafield>
  <datafield tag="041" ind1="0" ind2=" ">
    <subfield code="a">spa</subfield>
  </datafield>
  <datafield tag="043" ind1=" " ind2=" ">
    <subfield code="a">s-ck---</subfield>
  </datafield>
  <datafield tag="084" ind1=" " ind2=" ">
    <subfield code="a">P</subfield>
  </datafield>
  <datafield tag="245" ind1="1" ind2="0">
    <subfield code="a">Anastasia Candre :</subfield>
    <subfield code="b">polifon&#xED;a amaz&#xF3;nica para el mundo /</subfield>
    <subfield code="c">edici&#xF3;n y compilaci&#xF3;n Juan Carlos Fl&#xF3;rez.</subfield>
  </datafield>
  <datafield tag="250" ind1=" " ind2=" ">
    <subfield code="a">Primera edici&#xF3;n</subfield>
  </datafield>
  <datafield tag="264" ind1=" " ind2="1">
    <subfield code="a">Bogot&#xE1;, Colombia :</subfield>
    <subfield code="b">Ministerio de las Culturas las Artes y los Saberes ,</subfield>
    <subfield code="c">2024</subfield>
  </datafield>
  <datafield tag="300" ind1=" " ind2=" ">
    <subfield code="a">548 p&#xE1;ginas</subfield>
  </datafield>
  <datafield tag="336" ind1=" " ind2=" ">
    <subfield code="a">texto</subfield>
    <subfield code="b">txt</subfield>
    <subfield code="2">rdacontenido</subfield>
  </datafield>
  <datafield tag="337" ind1=" " ind2=" ">
    <subfield code="a">sin mediaci&#xF3;n</subfield>
    <subfield code="b">n</subfield>
    <subfield code="2">rdamedio</subfield>
  </datafield>
  <datafield tag="338" ind1=" " ind2=" ">
    <subfield code="a">volumen</subfield>
    <subfield code="b">nc</subfield>
    <subfield code="2">rdasoporte</subfield>
  </datafield>
  <datafield tag="490" ind1="0" ind2=" ">
    <subfield code="a">Biblioteca Vor&#xE1;gine</subfield>
    <subfield code="v">10</subfield>
  </datafield>
  <datafield tag="500" ind1=" " ind2=" ">
    <subfield code="a">Im&#xE1;gen de contracubierta correspondiente a la cubierta de La vor&#xE1;gine publicada por la Editorial Claridad en 1936</subfield>
  </datafield>
  <datafield tag="520" ind1=" " ind2=" ">
    <subfield code="a">Anastasia Candre, hija de padre ocaina y madre uitoto-murui, perteneci&#xF3; a pueblos que padecieron el genocidio cauchero y que realizaron un gigantesco esfuerzo para sobrevivir y reconstruir sus vidas tras los a&#xF1;os del desbocado terror. A su vez, fue la primera mujer en aprender los rituales y cantos de su pueblo, con la ayuda del sabedor J&#x268;muiz&#x268;tofe. Este libro recoge los escritos de Anastasia, el principal de ellos in&#xE9;dito hasta hoy, y es, en palabras de su compilador, tanto un homenaje como un desagravio para una mujer que fue poeta, artista y estudiosa de su propia cultura. -- Tomado a partes del texto</subfield>
  </datafield>
  <datafield tag="600" ind1="1" ind2="0">
    <subfield code="a">Candre Yamacuri, Anastasia,</subfield>
    <subfield code="d">1962-2014,</subfield>
    <subfield code="x">Homenajes p&#xF3;stumos</subfield>
    <subfield code="x">Biograf&#xED;as</subfield>
    <subfield code="9">68114</subfield>
  </datafield>
  <datafield tag="650" ind1="1" ind2="7">
    <subfield code="a">Canciones colombianas</subfield>
    <subfield code="2">lemb</subfield>
    <subfield code="9">1955</subfield>
  </datafield>
  <datafield tag="650" ind1="1" ind2="7">
    <subfield code="a">Literatura colombiana</subfield>
    <subfield code="y">Siglo XX</subfield>
    <subfield code="2">rnbp</subfield>
    <subfield code="9">427</subfield>
  </datafield>
  <datafield tag="650" ind1="0" ind2="7">
    <subfield code="a">Poes&#xED;a ind&#xED;gena colombiana</subfield>
    <subfield code="y">Siglo XX</subfield>
    <subfield code="2">rnbp</subfield>
    <subfield code="9">68115</subfield>
  </datafield>
  <datafield tag="650" ind1="1" ind2="7">
    <subfield code="a">Witotos</subfield>
    <subfield code="x">Costumbres y pr&#xE1;cticas</subfield>
    <subfield code="2">lemb</subfield>
    <subfield code="9">68116</subfield>
  </datafield>
  <datafield tag="651" ind1=" " ind2="0">
    <subfield code="a">Amazonas (Region, Colombia)</subfield>
    <subfield code="9">68117</subfield>
  </datafield>
  <datafield tag="700" ind1="1" ind2="0">
    <subfield code="a">Fl&#xF3;rez, Juan Carlos</subfield>
    <subfield code="e">edt</subfield>
    <subfield code="e">com</subfield>
    <subfield code="9">68118</subfield>
  </datafield>
  <datafield tag="830" ind1=" " ind2=" ">
    <subfield code="a">Mujeres escritoras colombianas</subfield>
    <subfield code="9">68119</subfield>
  </datafield>
  <datafield tag="942" ind1=" " ind2=" ">
    <subfield code="n">1</subfield>
    <subfield code="c">BK</subfield>
    <subfield code="2">ddc</subfield>
  </datafield>
  <datafield tag="999" ind1=" " ind2=" ">
    <subfield code="c">60244</subfield>
    <subfield code="d">60244</subfield>
  </datafield>
</record>
